000 00441nam a22001337a 4500
005 20161222090411.0
008 161222b xxu||||| |||| 00| 0 eng d
040 _cPK-LaUMT
082 _a220
_bANJ-
245 _aAnjeel barnabas = انجیل برناباس /
_ctranslated by Muhammad Haleem Ansari =مترجم محمد حلیم انصاری
260 _aلاہور:
_bٰادارہ اسلامیات،
_c2003
300 _a434 p.
942 _cBK
999 _c89355
_d89355